| 000 | 03804nam0a2200397 4500 | ||
|---|---|---|---|
| 001 | RU\NLR\BIBL_A\012791115 | ||
| 005 | 20250624160712.0 | ||
| 010 |
_a978-5-8381-0406-9 _9500 |
||
| 021 |
_aRU _b2022-7532 _9КН-П-608 |
||
| 035 | _a(RuMoRGB)010975726 | ||
| 035 | _a(NLR Aleph) 012791115 | ||
| 090 |
_a13153242 _c13153242 |
||
| 100 | _a20220518d2021 |||y0rusy50 ca | ||
| 101 | 0 |
_arus _deng _erus _eeng |
|
| 102 | _aRU | ||
| 105 | _aa|||z||||||z| | ||
| 181 | 1 |
_ai3 _baxxe |
|
| 182 | 1 | _an | |
| 200 | 1 |
_aВодные ресурсы КНР: проблемы освоения _dChina water resources: development challenges _eмонография _fН. В. Прохорова _gРоссийская академия наук, Федеральное государственное бюджетное учреждение науки Институт Дальнего Востока Российской академии наук _zeng |
|
| 203 |
_aТекст _bвизуальный _cнепосредственный |
||
| 210 |
_aМосква _cИДВ РАН _d2021 |
||
| 215 |
_a247 с. _cил. _d20 |
||
| 300 | _aАвт. также на англ. яз.: N.V. Prohorova | ||
| 320 | _aБиблиогр.: с. 209-243 (293 назв.), библиогр. в примеч. в конце гл | ||
| 330 | _aВ книге анализируются подходы к исследованию водных ресурсов КНР, применяемые с 1949 г. по 2016 г. и имеющие свою предысторию. Подчеркивается тщательность проведенных исследований и перспективность их результатов для использования в водохозяйственном планировании на десятилетия и даже столетия вперед. Были открыты новые области применения знаний о водном хозяйстве, связанные с изменением структуры пространственного распределения водных ресурсов по территории страны, детальным распределением прав на воду в КНР, созданием водного рынка и др. Показано, что ухудшение экологии вод страны связано прежде всего с промышленным развитием. С постановкой экологических целей на первое место в индустриализации КНР созданная исследовательская база и накопленный опыт в изучении водных объектов позволит ориентироваться не только на улучшение базовых показателей экологии водных ресурсов, но и приведет к созданию собственных моделей многофункциональных экологических сред на базе водного комплекса | ||
| 510 | 1 |
_6z22790 _aChina water resources: development challenges _zeng |
|
| 606 |
_aВодные ресурсы _yКитайская Народная Республика _92522997 _3RU\NLR\AUTH\6601709237 |
||
| 606 | 1 |
_aВодные ресурсы _xУправление _yКитайская Народная Республика _92523070 _3RU\NLR\AUTH\6601709271 |
|
| 686 | 1 | _aД229(54Кит) | |
| 686 | 1 | _aУ45(5Кит)-51-21 | |
| 700 | 1 |
_aПрохорова _bН. В. _gНаталья Викторовна |
|
| 790 | 1 |
_6z22510 _aProchorova _bN.V. _gNatal'ja Viktorovna |
|
| 942 | _cBOOK | ||
| 980 | _aNB | ||